• 首页
  • 本馆介绍
  • 公告通知
  • 最新文献
  • 馆藏检索
  • 电子资源
  • 读者导购
  • 参考咨询
  • 我的图书馆
  • 登录
  • 详细信息显示
  • 放入我的书架
  • 预约/预借图书
  • 作者相关作品
  • 分类相关作品
  • 丛书相关作品
  • 出版社相关作品

书目信息

  • 表格格式
  • 工作单格式
  • 卡片格式
题名:
校园游戏类活动指导手册
    
 
作者: 李明华 编著
分册:  
出版信息: 长春   吉林出版集团有限责任公司  2014
页数: 181页
开本: 24cm
丛书名: 五彩校园文化艺术活动丛书
单 册:
中图分类: G898-49 , G898 , G898
科图分类:
主题词: 游戏--You Xi--少年读物
电子资源:
ISBN: 978-7-5534-3301-1
000 00921nam 2200265 450
001 2335302000
005 20231109120650.58
010    @a978-7-5534-3301-1@dCNY35.00
100    @a20151124d2014 demy0chiy50 ea
101 0  @achi
102    @aCN@b220000
105    @aa z 000yy
200 1  @a校园游戏类活动指导手册@AXiao Yuan You Xi Lei Huo Dong Zhi Dao Shou Ce@f李明华编著
210    @a长春@c吉林出版集团有限责任公司@d2014
215    @a181页@c图@d24cm
225 2  @a五彩校园文化艺术活动丛书@Awu cai xiao yuan wen hua yi shu huo dong cong shu
330    @a本书内容包括:校园游戏活动指导;校园角色游戏指导;校园结构游戏指导;校园表演游戏指导;校园体育游戏指导。
410  0 @12001 @a五彩校园文化艺术活动丛书
606 0  @a游戏@AYou Xi@j少年读物
690    @aG898-49@v5
690    @aG898@v5
690    @aG898@v4
701  0 @a李明华@ALi Ming Hua@4编著
801  0 @aCN@b山东中教@c20230926
905    @aBZT@dG898@e6
    
    校园游戏类活动指导手册/李明华编著.-长春:吉林出版集团有限责任公司,2014
    181页:图;24cm.-(五彩校园文化艺术活动丛书)
    
    
    ISBN 978-7-5534-3301-1:CNY35.00
    本书内容包括:校园游戏活动指导;校园角色游戏指导;校园结构游戏指导;校园表演游戏指导;校园体育游戏指导。
●
相关链接 在五车中查询图书 在当当中查询图书 在豆瓣中查询图书


正题名:校园游戏类活动指导手册     索取号:G898/6         预约/预借

序号 登录号 条形码 馆藏地/架位号 状态 备注
1 2000961287   2000961287   第四书库/四8架B面7层2列/ [索取号:G898/6] 在馆    
2 2000961288   2000961288   第四书库/四8架B面7层2列/ [索取号:G898/6] 在馆    
3 2000961289   2000961289   第四书库/四8架B面7层2列/ [索取号:G898/6] 在馆    
4 2000961290   2000961290   第四书库/四8架B面7层2列/ [索取号:G898/6] 在馆    
5 2000961291   2000961291   第四书库/四8架B面7层2列/ [索取号:G898/6] 在馆    
6 2000961292   2000961292   第四书库/四8架B面7层2列/ [索取号:G898/6] 在馆    
山东省滨州职业学院图书馆 欢迎您!
大连网信软件有限公司© 版权所有